Rap #1 Rappeurs par sons - Statistiques

Statistiques générales
  • Ce quiz a été pris 103 fois
  • Le résultat moyen est 6 sur 15
Statistiques - réponses
Sons : Rappeurs : % Correct
Goosebump ;Sicko Mode ;FE!N Travis Scott
95%
God's plan ;One dance ;Rich Baby Daddy Drake
89%
Humble ;DNA ;Die Hard Kendrick Lamar
75%
Mask Off ;Type Shit ;Life Is Good Future
62%
SAD! ; Look at me ;Jocelyn Flores XXXtentation
55%
Bad and Boujee ;T-shirt ;Walk it Talk it Migos
49%
California love ;Changes ;Do for Love 2pac
41%
Ransom ;Did It Again ;Dark Thoughts Lil Tecca
35%
Lucid Dream ;Robbery ;Bandit Juice Wrld
32%
Women ;Agora Hills ;Say so Doja Cat
25%
Young, Wild & Free ;The Next Episod ;Drop it Like it's hot Snoop dogg
25%
Everyday ;Praise the Lord ;Fashion Killa A$AP rocky
24%
Miss the rage ;Dark Knight Dummo ;Love scars Trippie Redd
18%
Go crazy ;Pick up the phone ;Trance Young thug
16%
Just Wanna Rock ;20 Min ;XO Tour Lif3 Lil uzy vert
7%
Aucun quiz correspondant
Distribution des résultats
% des personnes avec chaque résultat
Percentile par nombre de réponses
Votre historique - résultats
Vous n’avez pas pris ce quiz